000 00674nam a2200289Ia 4500
005 20260324125014.0
008 008 260324s9999 xx 000 0 eng d
020 _a9780203882405
037 _aEBOOK
040 _aCRL
040 _beng
040 _cCRL
041 _2eng
041 _aeng
084 _qCRL
100 _aRobert A. Neimeyer
_91168159
245 0 _aConstructivist Psychotherapy
245 0 _bDistinctive Features
260 _bTaylor and Francis
260 _c2009
365 _a
365 _b95.99
856 _uhttp://www.taylorfrancis.com/books/9780203882405
942 _cEBOOK
999 _c1771211
_d1771211